[Event "29th February Tetrannual Cup"]
[Site "SchemingMind.com"]
[Date "2012.03.01"]
[Round "-"]
[White "jtrochez1"]
[Black "smothered mate"]
[Result "0-1"]
[WhiteCountry "HON"]
[BlackCountry "POL"]
[WhiteElo "1425"]
[WhiteRD "60"]
[BlackElo "1981"]
[BlackRD "67"]
[GameID "304583"]

1. e4 c5 2. Nf3 a6 3. d4 cxd4 4. Qxd4 Nc6 5. Qd1 e5 6. Be3 Nf6 7. Bd3 Be7 8. O-O O-O 9. Nc3 d6 10. h3 h6
11. a3 Be6 12. Nh4 Nxe4 13. Nxe4 Bxh4 14. Nxd6 Qc7 15. Ne4 Rad8 16. c3 b6 17. Qe2 f5 18. Nc5 bxc5 19. Bxc5 Be7 20. Bxe7 Qxe7
21. Bc4 a5
0-1

[Event "29th February Tetrannual Cup"]
[Site "SchemingMind.com"]
[Date "2012.03.01"]
[Round "-"]
[White "smothered mate"]
[Black "jtrochez1"]
[Result "1-0"]
[WhiteCountry "POL"]
[BlackCountry "HON"]
[WhiteElo "1981"]
[WhiteRD "67"]
[BlackElo "1425"]
[BlackRD "60"]
[GameID "304584"]

1. e4 e5 2. f4 Nc6 3. Nf3 d6 4. Bc4 Bg4 5. Nc3 Nf6 6. O-O Nd4 7. fxe5 dxe5 8. Bxf7+ Kxf7 9. Nxe5+ Ke8 10. Nxg4 Be7
11. e5 Nd5 12. Ne4 h6 13. c3 Nc6 14. d4 Rf8 15. Ngf6+ Nxf6 16. exf6 Bxf6 17. Qh5+ Kd7 18. Qf5+ Ke8 19. Re1 Kf7 20. Bxh6 Rg8
21. Ng5+
1-0

[Event "29th February Tetrannual Cup"]
[Site "SchemingMind.com"]
[Date "2012.03.03"]
[Round "-"]
[White "echecs"]
[Black "smothered mate"]
[Result "0-1"]
[WhiteCountry "ENG"]
[BlackCountry "POL"]
[WhiteElo "1806"]
[WhiteRD "69"]
[BlackElo "1994"]
[BlackRD "71"]
[GameID "304694"]

1. e4 c5 2. c3 Nf6 3. e5 Nd5 4. d4 cxd4 5. cxd4 Nc6 6. Nf3 d6 7. Bc4 dxe5 8. dxe5 e6 9. O-O Be7 10. Re1 O-O
11. Qc2 Ndb4 12. Qb3 Na5 13. Qc3 Nxc4 14. Qxc4 Bd7 15. Na3 Rc8 16. Qf4 Nd3 17. Qg4 Nxe1 18. Nxe1 f5 19. Qg3 Bc6 20. Nac2 Bh4
21. Qh3 Be4 22. Nb4 Rxc1 23. Rxc1 Qd2 24. Nbd3 Bxd3 25. Nxd3 Rd8 26. Rf1 Be7 27. Ne1 Qxb2 28. Nf3 Qxa2 29. Qh5 Qe2 30. Re1 Rd1
31. Qe8+ Bf8 32. Qxe6+ Kh8 33. h4 Rxe1+ 34. Nxe1 Qxe1+ 35. Kh2 Qxf2 36. Qf7 Qxh4+ 37. Kg1 Bc5+ 38. Kf1 Qf2#
0-1

[Event "29th February Tetrannual Cup"]
[Site "SchemingMind.com"]
[Date "2012.03.05"]
[Round "-"]
[White "smothered mate"]
[Black "echecs"]
[Result "1-0"]
[WhiteCountry "POL"]
[BlackCountry "ENG"]
[WhiteElo "1994"]
[WhiteRD "71"]
[BlackElo "1806"]
[BlackRD "69"]
[GameID "304696"]

1. e4 e5 2. f4 exf4 3. Nf3 d5 4. exd5 Qxd5 5. Nc3 Qe6+ 6. Be2 Bd6 7. O-O Ne7 8. d4 Ng6 9. Bb5+ c6 10. Re1 cxb5
11. Rxe6+ Bxe6 12. Nxb5 Kd7 13. Ne5+ Bxe5 14. dxe5+ Kc6 15. Qd6+ Kxb5 16. a4+ Kc4 17. b3+ Kc3 18. Qc5+ Bc4 19. Qxc4#
1-0

[Event "29th February Tetrannual Cup"]
[Site "SchemingMind.com"]
[Date "2012.03.05"]
[Round "-"]
[White "emvarela"]
[Black "echecs"]
[Result "0-1"]
[WhiteCountry "ARG"]
[BlackCountry "ENG"]
[WhiteElo "1697"]
[WhiteRD "45"]
[BlackElo "1853"]
[BlackRD "63"]
[GameID "304727"]

1. e4 e5 2. Nf3 Nc6 3. Bb5 a6 4. Bxc6 dxc6 5. O-O Bg4 6. h3 Bh5 7. g4 Bg6 8. Nxe5 Qh4 9. Nxg6 hxg6 10. Qf3 O-O-O
11. Kg2 Nf6 12. d3 Nd7 13. Bf4 Bd6 14. Bxd6 cxd6 15. Qg3 Qf6 16. g5 Qxb2 17. Nd2 Qxc2 18. Nc4 Ne5 19. Nxe5 dxe5 20. Rfd1 Qc5
21. Rdc1 Qe7 22. Qg4+ Kb8 23. Rc3 Rh5 24. f4 Rdh8 25. Rh1 Rh4 26. Qg3 exf4 27. Qf3 Qxg5+ 28. Kf2 Qe5 29. Rc2 g5
0-1

[Event "29th February Tetrannual Cup"]
[Site "SchemingMind.com"]
[Date "2012.03.05"]
[Round "-"]
[White "emvarela"]
[Black "smothered mate"]
[Result "0-1"]
[WhiteCountry "ARG"]
[BlackCountry "POL"]
[WhiteElo "1746"]
[WhiteRD "46"]
[BlackElo "1999"]
[BlackRD "63"]
[GameID "304728"]

1. e4 e5 2. Nf3 Nc6 3. Bb5 a6 4. Bxc6 dxc6 5. O-O Bd6 6. d4 Qf6 7. Bg5 Qe6 8. Re1 f6 9. Be3 Ne7 10. dxe5 Bxe5
11. Nxe5 fxe5 12. Nc3 Bd7 13. f4 O-O-O 14. f5 Qd6 15. Bg5 Qc5+ 16. Be3 Qb4 17. Bg5 Bxf5 18. Qe2 Be6 19. Bxe7 Qxe7 20. Rad1 Rd4
21. Rxd4 exd4 22. Nd1 Rf8 23. c3 Qd7 24. cxd4 Qxd4+ 25. Qe3 Qxe3+ 26. Rxe3 Bc4 27. Rf3 Rxf3 28. gxf3 Be2 29. Nc3 Bxf3 30. Kf2 Bg4
31. Kg3 Be6 32. a3 Kd7 33. Kf4 Kd6 34. b4 c5 35. e5+ Kc6 36. bxc5 Kxc5
0-1

[Event "29th February Tetrannual Cup"]
[Site "SchemingMind.com"]
[Date "2012.03.06"]
[Round "-"]
[White "echecs"]
[Black "emvarela"]
[Result "1-0"]
[WhiteCountry "ENG"]
[BlackCountry "ARG"]
[WhiteElo "1853"]
[WhiteRD "63"]
[BlackElo "1697"]
[BlackRD "45"]
[GameID "304730"]

1. e4 e5 2. Nf3 Nc6 3. Bc4 Bc5 4. O-O Nf6 5. Ng5 O-O 6. c3 h6 7. Nxf7 Rxf7 8. Bxf7+ Kxf7 9. d3 d5 10. exd5 Bg4
11. Qb3 Na5 12. Qb5 Qxd5 13. Qxa5 Bxf2+ 14. Rxf2 Qxd3 15. Qxc7+ Kg6 16. Qxb7 Rf8 17. Nd2 e4 18. Nxe4 Re8 19. Bf4 Qxe4 20. Qxa7 Nd5
21. Raf1 Re7 22. Qc5 Nxf4 23. Rxf4
1-0

[Event "29th February Tetrannual Cup"]
[Site "SchemingMind.com"]
[Date "2012.03.05"]
[Round "-"]
[White "smothered mate"]
[Black "emvarela"]
[Result "1/2-1/2"]
[WhiteCountry "POL"]
[BlackCountry "ARG"]
[WhiteElo "1931"]
[WhiteRD "67"]
[BlackElo "1731"]
[BlackRD "49"]
[GameID "304731"]

1. e4 e5 2. Nf3 Nc6 3. Bb5 a6 4. Bxc6 dxc6 5. O-O Qd6 6. d4 exd4 7. Nxd4 Bd7 8. e5 Qg6 9. Qe2 O-O-O 10. c3 Bc5
11. Be3 Bxd4 12. Bxd4 Ne7 13. f3 Nd5 14. Qe4 Qxe4 15. fxe4 Nb6 16. Rxf7 Be6 17. Rf2 Rhf8 18. Na3 Rxf2 19. Bxf2 Nc4 20. Nxc4 Bxc4
21. Be3 Bd3 22. Re1 h6 23. Bf4 Bc4 24. Kf2 Rf8 25. Ke3 Bxa2 26. Rd1 Rd8 27. Ra1 Be6 28. h3 g5 29. Bg3 Bc4 30. Be1 Rd3+
31. Kf2 Kd7 32. Ra4 Bb5 33. Rd4+ Rxd4 34. cxd4 Ke6 35. Bc3 Bd3 36. Ke3 Bf1 37. Kf3 h5 38. Bd2 g4+ 39. hxg4 hxg4+ 40. Kf2 Bd3
41. Ke3 Bf1 42. g3 Bg2 43. Kf4 Bf3 44. Bb4 b6 45. Bf8 a5 46. Ba3 b5 47. Bc5 b4 48. Ba7 a4 49. Bc5 b3 50. Ba3 Be2
51. Ke3 Bf3 52. Kd3 Kd7 53. Kc4 Bxe4 54. Kb4 Ke6 55. Kxa4 Bd5 56. Bf8 Kf7 57. Bh6 Ke6 58. Kb4 Kd7 59. Kc5 Ke6 60. Kb4 Kf5
61. Kc3 Ke4 62. Bg5 c5 63. dxc5 Kxe5 64. Bf4+ Ke6 65. Bxc7 Kd7 66. Kd4 Be6 67. Bd6 Kc6 68. Ke5 Bd7 69. Kf4 Kd5 70. Kg5 Be6
71. Kf4 Kd4 72. Kg5 Kd5 73. Kf6 Bc8 74. Ke7 Kc6 75. Kd8 Bf5= 76. Ke8 Bc8 77. Kd8 Bf5 78. Be7 Be6 79. Bd6 Bf5= 80. Ke7 Bc8
81. Kf6 Kd5 82. Be7 Kc6 83. Ke5 Bd7 84. Kd4 Be6 85. Kc3 Kb5 86. Bf8 Bf7 87. Kd4 Kc6 88. Kc3 Kb5=
1/2-1/2

[Event "29th February Tetrannual Cup"]
[Site "SchemingMind.com"]
[Date "2012.03.05"]
[Round "-"]
[White "Archon"]
[Black "echecs"]
[Result "0-1"]
[WhiteCountry "CAN"]
[BlackCountry "ENG"]
[WhiteElo "1703"]
[WhiteRD "53"]
[BlackElo "1831"]
[BlackRD "68"]
[GameID "304787"]

1. Nf3 g6 2. c4 Bg7 3. Nc3 Nf6 4. g3 c5 5. Bg2 Nc6 6. d4 cxd4 7. Nxd4 O-O 8. Nc2 d6 9. O-O a6 10. h3 Rb8
11. e4 Ne5 12. b3 Bd7 13. Bb2 Qc8 14. Kh2 b5 15. cxb5 axb5 16. Nd5 Nxd5 17. exd5 Ng4+ 18. hxg4 Bxb2 19. Rb1 Bf6 20. Bf3 Ra8
21. a3 Ra7 22. Kg2 Qc5 23. b4 Qc8 24. Rh1 Rc7 25. Ne3 Rc3 26. Qd2 Rxa3 27. Rbc1 Qa6 28. Rc7 Ra2 29. Rc2 Rxc2 30. Nxc2 Qa2
31. Qh6 Rc8 32. g5 Bg7 33. Qxh7+ Kf8 34. Ne3 Bd4 35. Nd1 Rc2 36. Rf1 Bf5 37. Qh6+ Ke8 38. Qh7 Bd3 39. Qg8+ Kd7 40. Qxf7 Bxf1+
41. Kxf1 Rxf2+ 42. Ke1 Qd2#
0-1

[Event "29th February Tetrannual Cup"]
[Site "SchemingMind.com"]
[Date "2012.03.04"]
[Round "-"]
[White "Archon"]
[Black "smothered mate"]
[Result "0-1"]
[WhiteCountry "CAN"]
[BlackCountry "POL"]
[WhiteElo "1689"]
[WhiteRD "59"]
[BlackElo "1994"]
[BlackRD "71"]
[GameID "304788"]

1. Nf3 d5 2. c4 e6 3. g3 c5 4. Bg2 Nc6 5. b3 dxc4 6. bxc4 Be7 7. Bb2 Bf6 8. Nc3 Nge7 9. Qb3 Na5 10. Qc2 Nxc4
11. Bc1 O-O 12. O-O Nd5 13. Rb1 Nxc3 14. dxc3 Qa5 15. Ng5 Bxg5 16. Bxg5 Na3 17. Qc1 Nxb1 18. Qxb1 Qxc3 19. Be7 Re8 20. Bd6 Qd2
21. e3 Qxd6 22. Rd1 Qb6 23. Qd3 e5 24. h4 Be6
0-1

[Event "29th February Tetrannual Cup"]
[Site "SchemingMind.com"]
[Date "2012.03.05"]
[Round "-"]
[White "Archon"]
[Black "emvarela"]
[Result "1-0"]
[WhiteCountry "CAN"]
[BlackCountry "ARG"]
[WhiteElo "1719"]
[WhiteRD "54"]
[BlackElo "1697"]
[BlackRD "45"]
[GameID "304789"]

1. Nf3 d5 2. c4 d4 3. g3 c5 4. e3 f6 5. exd4 cxd4 6. Bg2 e5 7. d3 Qb6 8. Nbd2 Bb4 9. O-O Bxd2 10. Qxd2 Nc6
11. Re1 Bf5 12. b3 Nge7 13. Nh4 Bd7 14. Ba3 O-O-O 15. b4 a6 16. b5 axb5 17. cxb5 Na7 18. Bxe7 Rde8 19. Rec1+ Kb8 20. Ba3 Nxb5
21. Rcb1 Bc6 22. Bb4 Bxg2 23. Nxg2 Qa6 24. a4 Nc7 25. Ne1 Nd5 26. Ba3 Qxa4 27. Bd6+
1-0

[Event "29th February Tetrannual Cup"]
[Site "SchemingMind.com"]
[Date "2012.03.06"]
[Round "-"]
[White "echecs"]
[Black "Archon"]
[Result "1-0"]
[WhiteCountry "ENG"]
[BlackCountry "CAN"]
[WhiteElo "1837"]
[WhiteRD "67"]
[BlackElo "1715"]
[BlackRD "55"]
[GameID "304791"]

1. e4 d6 2. d4 Nf6 3. Nc3 c6 4. Nf3 Bg4 5. Be2 e6 6. O-O Be7 7. h3 Bxf3 8. Bxf3 d5 9. e5 Nfd7 10. Ne2 c5
11. c3 Nc6 12. a3 O-O 13. Re1 Rc8 14. Be3 cxd4 15. cxd4 f6 16. exf6 Nxf6 17. Nf4 Qd7 18. Bc1 Nd8 19. Bg4 Nxg4 20. Qxg4 Rc6
21. Re5 Bf6 22. Rxd5 Qxd5 23. Nxd5 exd5 24. Be3 Ne6 25. Rd1 Rfc8 26. Qf5 Rd8 27. g4 h6 28. Kg2 Ng5 29. h4 Ne4 30. f3 Nd6
31. Qxd5+ Nf7 32. Qa5 Rc2+ 33. Kg3 Rcc8 34. Qxa7 Rd7 35. Rd2 Rdc7 36. Qb6 Bd8 37. Qg6 Rc6 38. Qe4 Bc7+ 39. Kh3 Bb8 40. d5 Ra6
41. Qf5 Rd8 42. g5 hxg5 43. hxg5
1-0

[Event "29th February Tetrannual Cup"]
[Site "SchemingMind.com"]
[Date "2012.03.04"]
[Round "-"]
[White "smothered mate"]
[Black "Archon"]
[Result "1-0"]
[WhiteCountry "POL"]
[BlackCountry "CAN"]
[WhiteElo "1994"]
[WhiteRD "71"]
[BlackElo "1689"]
[BlackRD "59"]
[GameID "304792"]

1. e4 d6 2. d4 Nf6 3. Nc3 c6 4. Nf3 Bg4 5. Bc4 e6 6. O-O d5 7. exd5 cxd5 8. Bb5+ Nbd7 9. Bg5 Be7 10. h3 Bxf3
11. Qxf3 O-O 12. Rfe1 a6 13. Bd3 Rc8 14. Ne2 h6 15. Bh4 b5 16. c3 Nb6 17. Rac1 Nc4 18. b3 Nd2 19. Qe3 Nde4 20. f3 Nd6
21. g4 Nfe8 22. Bg3 Nf6 23. Bb1 g5 24. Qd3 Nde8 25. Be5 Bd6 26. Ng3 Ne4 27. fxe4 dxe4 28. Qxe4 f5 29. gxf5 Bxe5 30. Qxe5 Qd6
31. Qxd6 Nxd6 32. fxe6 Rf3 33. Ne4 Ne8 34. Kg2 Rf4 35. d5
1-0

[Event "29th February Tetrannual Cup"]
[Site "SchemingMind.com"]
[Date "2012.03.05"]
[Round "-"]
[White "emvarela"]
[Black "Archon"]
[Result "0-1"]
[WhiteCountry "ARG"]
[BlackCountry "CAN"]
[WhiteElo "1746"]
[WhiteRD "46"]
[BlackElo "1680"]
[BlackRD "56"]
[GameID "304793"]

1. e4 d6 2. d4 Nf6 3. Nc3 c6 4. f4 Qa5 5. Bd3 e5 6. Nf3 Nbd7 7. dxe5 dxe5 8. fxe5 Nxe5 9. Nxe5 Qxe5 10. Be3 Bc5
11. Bxc5 Qxc5 12. h3 Be6 13. Qf3 O-O-O 14. Qf2 Qxf2+ 15. Kxf2 Kc7 16. Rad1 Rhe8 17. Be2 Bc8 18. Rxd8 Rxd8 19. Rd1 Re8 20. Bf3 Be6
21. g4 h6 22. e5 Nd7 23. Re1 Bc4 24. b3 Ba6 25. Kg3 Rxe5 26. Rxe5 Nxe5 27. Ne4 b6 28. c4 Nxf3 29. Kxf3 c5 30. h4 Bb7
31. Kf4 Bxe4 32. Kxe4 Kc6 33. Kf5 Kd7 34. g5 hxg5 35. hxg5 Kd6 36. a3 a5 37. a4 Kd7 38. Ke5 Ke7 39. Kd5 f6 40. g6 Kd7
41. Ke4 Ke6 42. Kf4 f5 43. Kf3 Kf6
0-1

[Event "29th February Tetrannual Cup"]
[Site "SchemingMind.com"]
[Date "2012.03.06"]
[Round "-"]
[White "e_castle3"]
[Black "echecs"]
[Result "1-0"]
[WhiteCountry "PHI"]
[BlackCountry "ENG"]
[WhiteElo "1878"]
[WhiteRD "62"]
[BlackElo "1853"]
[BlackRD "63"]
[GameID "304837"]

1. e4 e5 2. Nf3 d6 3. Bc4 Be7 4. O-O Bg4 5. h3 Bh5 6. Re1 Nf6 7. Nc3 O-O 8. g4 Bg6 9. d4 exd4 10. Nxd4 Nbd7
11. Nf5 Ne5 12. Bb3 Re8 13. f4 Bxf5 14. fxe5 Bxg4 15. hxg4 dxe5 16. g5 Nd7 17. Qf3 Rf8 18. Qh5 g6 19. Qh6 Kh8 20. Kg2 Rg8
21. Bxf7 Rg7 22. Rf1 Bf8 23. Qh2 Be7 24. Qh6 Bf8 25. Qh4 h5 26. Be3 Qe7 27. Nd5 Qd6 28. b4 c6 29. Bc5 Nxc5 30. bxc5 Qxc5
31. Nc7 Rc8 32. Ne6 Qxc2+ 33. Rf2 Qc3 34. Raf1 Bc5 35. Rf3 Qc2+ 36. Kh3 Qd2 37. Nxc5
1-0

[Event "29th February Tetrannual Cup"]
[Site "SchemingMind.com"]
[Date "2012.03.07"]
[Round "-"]
[White "e_castle3"]
[Black "Archon"]
[Result "1-0"]
[WhiteCountry "PHI"]
[BlackCountry "CAN"]
[WhiteElo "1878"]
[WhiteRD "62"]
[BlackElo "1719"]
[BlackRD "54"]
[GameID "304838"]

1. e4 d6 2. d4 Nf6 3. Bd3 Nc6 4. c3 e5 5. d5 Ne7 6. h3 c6 7. c4 Qa5+ 8. Qd2 Qxd2+ 9. Bxd2 cxd5 10. cxd5 Bd7
11. Nc3 a6 12. Nf3 Ng6 13. O-O Be7 14. Rac1 Rc8 15. Be3 O-O 16. Nd2 Nh5 17. Ne2 Nf6 18. f4 exf4 19. Nxf4 Ne5 20. Be2 Rfe8
21. Nd3 Bb5 22. Nf4 Bxe2 23. Nxe2 Nd3 24. Rb1 Rc2 25. Nf4 Nxf4 26. Bxf4 Nd7 27. Rf3 Nc5 28. b4 Na4 29. a3 Nc3 30. Re1 Bf8
31. Kf1 Rc8 32. Nb1 g6 33. Nxc3 R8xc3 34. Rxc3 Rxc3 35. Re3 Rc4 36. Ke2 Rc2+ 37. Kf3 Be7 38. e5 dxe5 39. Rxe5 Bf6 40. Re8+ Kg7
41. d6 Rc3+ 42. Re3 Rxe3+ 43. Bxe3 Bd8 44. g4 f6 45. Ke4 Kf7 46. Kd5 g5 47. a4 a5 48. b5 h6 49. Bc5 h5 50. d7 hxg4
51. hxg4 b6 52. Bd6 f5 53. gxf5 g4 54. Kc6 Kf6 55. Bc7 Be7 56. d8=Q
1-0

[Event "29th February Tetrannual Cup"]
[Site "SchemingMind.com"]
[Date "2012.03.06"]
[Round "-"]
[White "e_castle3"]
[Black "smothered mate"]
[Result "1-0"]
[WhiteCountry "PHI"]
[BlackCountry "POL"]
[WhiteElo "1883"]
[WhiteRD "64"]
[BlackElo "1981"]
[BlackRD "67"]
[GameID "304839"]

1. e4 e5 2. Nf3 Nc6 3. Bb5 a6 4. Ba4 Nf6 5. O-O b5 6. Bb3 Be7 7. Re1 O-O 8. c3 d6 9. d4 Na5 10. Bc2 c5
11. d5 Bg4 12. h3 Bh5 13. b3 c4 14. Nbd2 Rc8 15. Bb2 b4 16. Re3 bxc3 17. Bxc3 cxb3 18. axb3 Nb7 19. Rxa6 Nc5 20. Rc6 Ra8
21. b4 Na4 22. Bxa4
1-0

[Event "29th February Tetrannual Cup"]
[Site "SchemingMind.com"]
[Date "2012.03.07"]
[Round "-"]
[White "e_castle3"]
[Black "emvarela"]
[Result "0-1"]
[WhiteCountry "PHI"]
[BlackCountry "ARG"]
[WhiteElo "1802"]
[WhiteRD "64"]
[BlackElo "1761"]
[BlackRD "51"]
[GameID "304840"]

1. e4 e5 2. Nf3 Nc6 3. Bb5 f5 4. d3 fxe4 5. dxe4 Nf6 6. Nc3 Bb4 7. O-O Bxc3 8. Bxc6 bxc6 9. bxc3 O-O 10. Bg5 h6
11. Bh4 d6 12. h3 Qe8 13. Qd3 Be6 14. c4 Qf7 15. Nd2 d5 16. cxd5 cxd5 17. exd5 Nxd5 18. Bg3 Nf4 19. Bxf4 exf4 20. Nf3 Bc4
21. Qc3 Bxf1 22. Kxf1 g5 23. Qc6 Rab8 24. Qxh6 Rb6 25. Qxg5+ Rg6 26. Qc5 Qg7 27. Qd5+ Kh8 28. Qh5+ Rh6 29. Qe5 Qxe5 30. Nxe5 Re6
31. Re1 Rfe8 32. Nd3 Rxe1+ 33. Nxe1 Kg7 34. f3 Re3 35. Nd3 a5 36. Kf2 Kf6 37. Nxf4 Ra3 38. Nd5+ Kf5 39. Nxc7 Rxa2 40. Ke3 Rxc2
41. Nb5 Rxg2 42. Nd4+ Kg5 43. f4+ Kh4 44. f5 Kxh3 45. f6 Rg8 46. Ne6 a4 47. Kd3 a3 48. Kc2 Rb8 49. f7 a2 50. f8=Q Rxf8
51. Kb2 Ra8 52. Ka1 Kg3 53. Nd4 Kf2 54. Nb5 Ke2 55. Nc3+ Kd2 56. Nxa2 Rb8
0-1

[Event "29th February Tetrannual Cup"]
[Site "SchemingMind.com"]
[Date "2012.03.06"]
[Round "-"]
[White "echecs"]
[Black "e_castle3"]
[Result "1-0"]
[WhiteCountry "ENG"]
[BlackCountry "PHI"]
[WhiteElo "1853"]
[WhiteRD "63"]
[BlackElo "1878"]
[BlackRD "62"]
[GameID "304842"]

1. e4 c6 2. d4 d5 3. Nc3 dxe4 4. Nxe4 Bf5 5. Ng3 Bg6 6. h4 h6 7. h5 Bh7 8. Nf3 Nd7 9. Bd3 Bxd3 10. Qxd3 Ngf6
11. Bf4 e6 12. O-O-O Qa5 13. Kb1 Ng4 14. Qe2 a6 15. Nd2 Ngf6 16. Nge4 Qd5 17. f3 b5 18. c4 bxc4 19. Nxc4 Qf5 20. Bd6 Be7
21. Ka1 Nd5 22. Bxe7 Kxe7 23. Na5 Rhc8 24. Nc4 Rcb8 25. Ncd6 Qh7 26. g4 Kf8 27. g5 Rb6 28. Nc4 Rb4 29. Rdg1 Qf5 30. gxh6 gxh6
31. Ncd6 Qh7 32. Rc1 Rxd4 33. Rxc6 Qg7 34. Rhc1 N7b6 35. Nc5 Qg5 36. Nxe6+ fxe6 37. Qxe6 Qxh5 38. Rg1 Ne7 39. Qf6+
1-0

[Event "29th February Tetrannual Cup"]
[Site "SchemingMind.com"]
[Date "2012.03.06"]
[Round "-"]
[White "Archon"]
[Black "e_castle3"]
[Result "0-1"]
[WhiteCountry "CAN"]
[BlackCountry "PHI"]
[WhiteElo "1715"]
[WhiteRD "55"]
[BlackElo "1908"]
[BlackRD "63"]
[GameID "304843"]

1. Nf3 Nc6 2. d4 d5 3. g3 Bg4 4. Bg2 Qd7 5. c4 dxc4 6. d5 O-O-O 7. Nc3 Bxf3 8. exf3 Ne5 9. O-O h5 10. Bf4 Ng6
11. Be3 e6 12. f4 Nf6 13. Bxa7 h4 14. dxe6 Qxe6 15. Qf3 Qa6 16. Be3 hxg3 17. fxg3 Rd3 18. Qe2 Qe6 19. Rae1 Ng4 20. Bc1 Bc5+
21. Kh1 Rxh2#
0-1

[Event "29th February Tetrannual Cup"]
[Site "SchemingMind.com"]
[Date "2012.03.06"]
[Round "-"]
[White "smothered mate"]
[Black "e_castle3"]
[Result "1-0"]
[WhiteCountry "POL"]
[BlackCountry "PHI"]
[WhiteElo "1936"]
[WhiteRD "62"]
[BlackElo "1860"]
[BlackRD "67"]
[GameID "304844"]

1. e4 c6 2. d4 d5 3. exd5 cxd5 4. c4 Nf6 5. Nc3 a6 6. Nf3 Bg4 7. cxd5 Nxd5 8. Bc4 e6 9. O-O Nf6 10. Be3 Be7
11. h3 Bh5 12. Rc1 O-O 13. Qe2 Nbd7 14. d5 b5 15. dxe6 bxc4 16. exd7 Qxd7 17. Rfd1 Qb7 18. g4 Bg6 19. Ne5 Rac8 20. Nxc4 Ne4
21. Nd5 Bc5 22. Bxc5 Rxc5 23. Nd6 Qd7 24. Rxc5 Qxd6 25. Ra5 Rd8 26. Rxa6 Qc5 27. Nf6+ gxf6 28. Rxd8+ Kg7 29. Raa8 f5 30. Rac8 Qa7
31. gxf5 Bxf5 32. Ra8 Qc5 33. Rg8+ Kf6 34. Qe3
1-0

[Event "29th February Tetrannual Cup"]
[Site "SchemingMind.com"]
[Date "2012.03.07"]
[Round "-"]
[White "emvarela"]
[Black "e_castle3"]
[Result "0-1"]
[WhiteCountry "ARG"]
[BlackCountry "PHI"]
[WhiteElo "1697"]
[WhiteRD "45"]
[BlackElo "1878"]
[BlackRD "62"]
[GameID "304845"]

1. e4 Nc6 2. d4 d5 3. e5 Bf5 4. Nf3 e6 5. Bb5 Ne7 6. O-O a6 7. Bxc6+ Nxc6 8. c3 h6 9. Be3 Be7 10. Nbd2 O-O
11. c4 Nb4 12. Qb3 Rb8 13. cxd5 Nxd5 14. a3 f6 15. Nc4 Bg4 16. exf6 Bxf6 17. Nfe5 Bh5 18. g4 Be8 19. Rfc1 Bxe5 20. Nxe5 Qh4
21. Qd3 Rf3 22. Nxf3 Qxg4+ 23. Kf1 Bb5
0-1

[Event "29th February Tetrannual Cup"]
[Site "SchemingMind.com"]
[Date "2012.03.11"]
[Round "-"]
[White "jdcald13"]
[Black "e_castle3"]
[Result "1-0"]
[WhiteCountry "USA"]
[BlackCountry "PHI"]
[WhiteElo "1987"]
[WhiteRD "63"]
[BlackElo "1878"]
[BlackRD "62"]
[GameID "305047"]

1. d4 d5 2. c4 e6 3. Nc3 Nf6 4. Nf3 c6 5. e3 Be7 6. g4 dxc4 7. Bxc4 b5 8. Bb3 Bb7 9. g5 Nd5 10. Nxd5 cxd5
11. h4 Nd7 12. Qd3 a6 13. Bd2 Bd6 14. O-O-O Qb6 15. h5 O-O-O 16. g6 hxg6 17. hxg6 f6 18. Rh7 Rhg8 19. Rdh1 a5 20. Qc3+ Kb8
21. Qxa5 Qxa5 22. Bxa5 Rc8+ 23. Bc2 e5 24. Rg1 e4 25. Nh4 Nf8 26. Nf5 Bc7 27. Ne7 Nxh7 28. gxh7 Rh8 29. Nxc8 Bxa5 30. Nd6 Rxh7
31. f3 g5 32. fxe4 dxe4 33. Nxb7 Rxb7 34. Bxe4 Rc7+ 35. Kd1 Re7 36. Rg4 Bd8 37. Ke2 Kc7 38. Bd3 Kb6 39. Kf3 b4 40. d5 Kc5
41. Rc4+ Kxd5 42. Rxb4 Ra7 43. Rd4+
1-0

[Event "29th February Tetrannual Cup"]
[Site "SchemingMind.com"]
[Date "2012.03.12"]
[Round "-"]
[White "jdcald13"]
[Black "echecs"]
[Result "1-0"]
[WhiteCountry "USA"]
[BlackCountry "ENG"]
[WhiteElo "2010"]
[WhiteRD "83"]
[BlackElo "1837"]
[BlackRD "67"]
[GameID "305048"]

1. e4 e5 2. Nf3 Nc6 3. Bc4 Bc5 4. c3 Nf6 5. d4 exd4 6. cxd4 Bb4+ 7. Bd2 Nxe4 8. Bxb4 Nxb4 9. Bxf7+ Kxf7 10. Qb3+ d5
11. Ne5+ Kg8 12. Qxb4 Qf6 13. O-O Ng5 14. Qb3 c6 15. Nd2 h6 16. f4 Ne6 17. Qd3 a5 18. Rae1 h5 19. Ng6 Rh6 20. f5 Qxd4+
21. Qxd4 Nxd4 22. Re8+ Kf7 23. Rf8#
1-0

[Event "29th February Tetrannual Cup"]
[Site "SchemingMind.com"]
[Date "2012.03.10"]
[Round "-"]
[White "jdcald13"]
[Black "Archon"]
[Result "1-0"]
[WhiteCountry "USA"]
[BlackCountry "CAN"]
[WhiteElo "1910"]
[WhiteRD "113"]
[BlackElo "1689"]
[BlackRD "59"]
[GameID "305049"]

1. f4 d6 2. Nf3 Bg4 3. e4 Nd7 4. d4 c6 5. h3 Bxf3 6. Qxf3 e6 7. Nc3 d5 8. e5 c5 9. Be3 a6 10. O-O-O Qa5
11. f5 exf5 12. Qxd5 cxd4 13. Qxa5
1-0

[Event "29th February Tetrannual Cup"]
[Site "SchemingMind.com"]
[Date "2012.03.10"]
[Round "-"]
[White "jdcald13"]
[Black "smothered mate"]
[Result "1-0"]
[WhiteCountry "USA"]
[BlackCountry "POL"]
[WhiteElo "1987"]
[WhiteRD "63"]
[BlackElo "1978"]
[BlackRD "63"]
[GameID "305050"]

1. c4 e6 2. g3 d5 3. cxd5 exd5 4. d4 c5 5. Nf3 Nc6 6. Nc3 c4 7. Bg2 Bb4 8. O-O Nge7 9. a3 Ba5 10. b4 Bb6
11. Bb2 O-O 12. Ne5 Nxd4 13. Nxd5 c3 14. Nxc3 Qc7 15. Nf3 Nxf3+ 16. Bxf3 Bh3 17. Re1 Rfd8 18. Qc2 Nf5 19. e3 Rac8 20. Be4 Nd6
21. Bxh7+ Kh8 22. Rad1 f5 23. Rxd6 Rxd6 24. Bxf5 Bxf5 25. Qxf5 Rf6 26. Qh5+ Kg8 27. Nd5
1-0

[Event "29th February Tetrannual Cup"]
[Site "SchemingMind.com"]
[Date "2012.03.10"]
[Round "-"]
[White "jdcald13"]
[Black "emvarela"]
[Result "1-0"]
[WhiteCountry "USA"]
[BlackCountry "ARG"]
[WhiteElo "1998"]
[WhiteRD "73"]
[BlackElo "1740"]
[BlackRD "47"]
[GameID "305051"]

1. d4 Nf6 2. Bg5 Ne4 3. Bf4 g5 4. Bc1 d5 5. f3 Nd6 6. Bxg5 Bg7 7. e3 h6 8. Bf4 Nc6 9. Nc3 e6 10. Bd3 Nb4
11. Be2 Bd7 12. a3 Nc6 13. Nh3 Nf5 14. O-O a6 15. Bd3 Ncxd4 16. exd4 Bxd4+ 17. Nf2 Bxf2+ 18. Rxf2 c5 19. Bxf5 exf5 20. Qxd5 Qb6
21. Qe5+
1-0

[Event "29th February Tetrannual Cup"]
[Site "SchemingMind.com"]
[Date "2012.03.11"]
[Round "-"]
[White "e_castle3"]
[Black "jdcald13"]
[Result "0-1"]
[WhiteCountry "PHI"]
[BlackCountry "USA"]
[WhiteElo "1883"]
[WhiteRD "64"]
[BlackElo "1990"]
[BlackRD "78"]
[GameID "305053"]

1. e4 d5 2. exd5 Nf6 3. Nc3 Nxd5 4. Nxd5 Qxd5 5. Nf3 Bg4 6. Be2 Nc6 7. O-O e5 8. h3 Bh5 9. Re1 e4 10. Nh2 Bg6
11. d3 O-O-O 12. dxe4 Bxe4 13. Qxd5 Bxd5 14. b3 Bb4 15. Rd1 Bc3 16. Rb1 Be4 17. Bd3 Nb4 18. Bd2 Nxa2 19. Bxe4 Bxd2 20. Ra1 Nc3
21. Bf5+ Kb8 22. Rf1 Ne2+ 23. Kh1 Nd4 24. Rad1 Nxf5
0-1